[Event "Parla op 25th"]
[Site "Parla"]
[Date "2010.09.06"]
[Round "3"]
[White "Fernandez Lledo, Javier"]
[Black "Gutierrez Gonzalez, Francisco Javier"]
[Result "1/2-1/2"]
[WhiteElo "2136"]
[BlackElo "1918"]
[PlyCount "66"]
[EventDate "2010.09.04"]
[EventType "swiss"]
[EventRounds "9"]
[EventCountry "ESP"]
[SourceTitle "CBM 138 Extra"]
[Source "ChessBase"]
[SourceDate "2010.10.29"]
[SourceVersion "1"]
[SourceVersionDate "2010.10.29"]
[SourceQuality "1"]

1. e4 e6 2. d4 d5 3. Nc3 dxe4 4. Nxe4 Nf6 5. Bd3 Be7 6. Be3 b6 7. Nxf6+ Bxf6 8. Qf3 c6 9. 0-0-0 a5 10. Ne2 Ra7 11. Ng3 Bg5 12. h4 Bxe3+ 13. fxe3 Qd5 14. Qg4 f5 15. Qf4 Na6 16. c4 Qd8 17. Bb1 0-0 18. e4 Qc7 19. e5 b5 20. c5 Nb4 21. Ne2 Nd5 22. Qf3 b4 23. Rdg1 Ba6 24. Nf4 Nxf4 25. Qxf4 Bc4 26. h5 Bd5 27. Rh3 Qd8 28. g4 fxg4 29. Qxg4 Raf7 30. Rhg3 Qe7 31. Qe2 Qh4 32. Qd3 Rf1+ 33. Rxf1 Rxf1+ 1/2-1/2

[Event "Parla op 25th"]
[Site "Parla"]
[Date "2010.09.06"]
[Round "6"]
[White "Rodriguez Lorenzo, Miguel"]
[Black "Gutierrez Gonzalez, Francisco Javier"]
[Result "1/2-1/2"]
[WhiteElo "1684"]
[BlackElo "1918"]
[PlyCount "133"]
[EventDate "2010.09.04"]
[EventType "swiss"]
[EventRounds "9"]
[EventCountry "ESP"]
[SourceTitle "CBM 138 Extra"]
[Source "ChessBase"]
[SourceDate "2010.10.29"]
[SourceVersion "1"]
[SourceVersionDate "2010.10.29"]
[SourceQuality "1"]

1. e4 e5 2. Nf3 Nc6 3. Bb5 a6 4. Ba4 b5 5. Bb3 Nf6 6. Nc3 Be7 7. 0-0 0-0 8. d3 d6 9. h3 Nd4 10. Be3 c5 11. Bxd4 exd4 12. Nd5 Be6 13. Nxe7+ Qxe7 14. c3 dxc3 15. bxc3 c4 16. Bc2 cxd3 17. Bxd3 Rac8 18. Qd2 Rc5 19. Rac1 Rfc8 20. Rc2 Bc4 21. Re1 Qc7 22. Rec1 Bxd3 23. Qxd3 b4 24. c4 Qc6 25. Nd2 Qb6 26. Nb3 Re5 27. Re2 a5 28. Nd4 d5 29. exd5 Rxd5 30. Rd1 Rdc5 31. Rc2 a4 32. Rdc1 Rd8 33. Rd1 Re5 34. f3 Re7 35. c5 Qc7 36. Qc4 Rde8 37. Re2 Rxe2 38. Nxe2 h6 39. Rb1 Qe5 40. Kf1 Nd5 41. Qd3 Ne3+ 42. Kg1 Qxc5 43. Qd4 Qc2 44. Qb2 Qxb2 45. Rxb2 Nd1 46. Rd2 f6 47. Kf1 Ne3+ 48. Kf2 Kf7 49. Rd4 Nc2 50. Rc4 b3 51. axb3 axb3 52. Rc7+ Re7 53. Rxe7+ Kxe7 54. Nc3 Na3 55. Na4 Kd6 56. Ke2 Kc6 57. Kd3 Kb5 58. Nb2 Kb4 59. h4 Nc2 60. h5 Ne1+ 61. Ke4 Nxg2 62. Kf5 Kc3 63. Na4+ Kc2 64. Kg6 b2 65. Nxb2 Kxb2 66. Kxg7 Kc3 67. Kxf6 1/2-1/2

[Event "Parla 25 Jubilee op"]
[Site "Parla"]
[Date "2008.09.12"]
[Round "7"]
[White "Gutierrez Gonzalez, Francisco Javier"]
[Black "Cortes Jurado, Rafael"]
[Result "1-0"]
[WhiteElo "1943"]
[BlackElo "2040"]
[PlyCount "43"]
[EventDate "2008.09.06"]
[EventType "swiss"]
[EventRounds "9"]
[EventCountry "ESP"]
[SourceTitle "CBM 126 Extra"]
[Source "ChessBase"]
[SourceDate "2008.11.05"]
[SourceVersion "1"]
[SourceVersionDate "2008.11.05"]
[SourceQuality "1"]

1. f4 e5 2. e4 exf4 3. Nf3 d6 4. Bc4 Nc6 5. d4 g5 6. h4 g4 7. Ng5 Nh6 8. Bxf4 Qf6 9. Be3 Nd8 10. Nc3 c6 11. Rf1 Qg6 12. e5 Bg7 13. Nce4 dxe5 14. h5 Qxh5 15. Nd6+ Ke7 16. Ngxf7 Ndxf7 17. Nxf7 Rf8 18. Bg5+ Ke8 19. dxe5 Bf5 20. Nd6+ Kd7 21. Nxf5+ Kc7 22. Qd6+ 1-0

[Event "Parla 25 Jubilee op"]
[Site "Parla"]
[Date "2008.09.11"]
[Round "6"]
[White "Vazquez Gonzalez, Francisco"]
[Black "Gutierrez Gonzalez, Francisco Javier"]
[Result "1-0"]
[WhiteElo "2125"]
[BlackElo "1943"]
[PlyCount "35"]
[EventDate "2008.09.06"]
[EventType "swiss"]
[EventRounds "9"]
[EventCountry "ESP"]
[SourceTitle "CBM 126 Extra"]
[Source "ChessBase"]
[SourceDate "2008.11.05"]
[SourceVersion "1"]
[SourceVersionDate "2008.11.05"]
[SourceQuality "1"]

1. e4 e5 2. Nf3 d6 3. d4 exd4 4. Nxd4 Nc6 5. Nc3 g6 6. Be3 Bg7 7. Bb5 Bd7 8. 0-0 a6 9. Bc4 Ne5 10. Be2 Nh6 11. h3 Qh4 12. Qd2 Bxh3 13. Bg5 Bxg2 14. Bxh4 Bxf1 15. Kxf1 f6 16. Ne6 Kf7 17. Nxc7 Nhg4 18. Qd5+ 1-0